000 01641nam0a2200385 4500
001 RU\NLR\BIBL_A\012459103
005 20210521140849.0
010 _a978-5-98839-136-4
_9250
021 _aRU
_bКН-П-20-066547
_9КН-П-20-4999
035 _a(NLR Aleph) 012459103
035 _a(RuMoRGB)010458094
090 _a12015819
_c12015819
100 _a20210224d2020 u y0rusy50 ca
101 0 _arus
102 _aRU
105 _ac|||zzzz011zd
181 0 _ai
_baxxe
182 0 _an
200 1 _aГерои огненных лет. Слюдянцы в годы Великой Отечественной войны 1941-1945 гг.
_e[к 75-летию Великой Победы]
_fМахно В. В.
203 _aТекст
_bвизуальный
_cнепосредственный
210 _aИркутск
_c[б. и.]
_d2020
215 _a437 с., [11] л. портр.
_d21
300 _aНа обл. авт. не указан
320 _aБиблиогр.: с. 426-428 (47 назв.)
320 _aУказ. имен: с. 429-435
517 1 _aСлюдянцы в годы Великой Отечественной войны 1941-1945 гг.
606 1 _aВеликая Отечественная война
_z1941 - 1945
_xГерои и героизм
_yСлюдянка, город (Иркутская область)
_2nlr_sh2
_3RU\NLR\AUTH\6601685932
686 1 _aТ3(2)722.782(2Р-4Ир-2Сл)
686 1 _aЦ35(2)722-424д(2Р-4Ир-2Сл)
700 1 _aМахно
_bВ. В.
942 _cBOOK
980 _aNBR
980 _aNB